| 000 | 00337 a2200133 4500 | ||
|---|---|---|---|
| 001 | 90467 | ||
| 082 | _a915.9104 ABD | ||
| 090 |
_c42800 _d42800 |
||
| 100 | _aAbdul Manan Malik | ||
| 245 |
_aYe hy pakistan _cMalik Abdul Manan _hUrdu |
||
| 260 |
_aLahore _bAmmar Publications _c2014 |
||
| 300 | _a450p. | ||
| 500 | _aGeneral Collection | ||
| 942 |
_aCAE NUST _k915.9104 ABD |
||
| 999 |
_c325540 _d325540 |
||